Entre la asistencia y la incidencia : la experiencia de la Red Espiral en la gestión de la Ley para el Fomento y Participación de las Organizaciones de la Sociedad Civil en el Estado de Jalisco /
Kaydedildi:
| Yazar: | |
|---|---|
| Diğer Yazarlar: | , , |
| Materyal Türü: | Kitap |
| Dil: | İspanyolca |
| Baskı/Yayın Bilgisi: |
Guadalajara, México :
Corporativa de Fundaciones,
2016, c2016
|
| Konular: | |
| Etiketler: |
Etiket eklenmemiş, İlk siz ekleyin!
|
MARC
| LEADER | 00000nam^a2200000^a^4500 | ||
|---|---|---|---|
| 001 | 000380242 | ||
| 005 | 20250521000000.0 | ||
| 009 | 20260310120554.67 | ||
| 037 | |a Acervo ITESO - Biblioteca | ||
| 041 | |a ESP | ||
| 082 | |a 346. 7235064 |b PER | ||
| 100 | |a Peralta Varela, Carlos Armando |e (autor) | ||
| 245 | 1 | 0 | |a Entre la asistencia y la incidencia : |b la experiencia de la Red Espiral en la gestión de la Ley para el Fomento y Participación de las Organizaciones de la Sociedad Civil en el Estado de Jalisco / |c C. Peralta Varela ; colaboración de R. Douard, M. González, I. Uriza ; pról. de Felipe Alatorre. |
| 264 | 4 | |a Guadalajara, México : |b Corporativa de Fundaciones, |c 2016, c2016 | |
| 300 | |a 99 p. | ||
| 336 | |a texto |b txt |2 rdacontenido | ||
| 337 | |a sin mediación |b n |2 rdamedio | ||
| 338 | |a volumen |b nc |2 rdasoporte | ||
| 649 | |a XX | ||
| 650 | |a Organizaciones No Gubernamentales - |z Jalisco - |x Condiciones Jurídicas - |x Tema Principal | ||
| 650 | |a Organizaciones No Gubernamentales - |z México - |x Condiciones Jurídicas | ||
| 650 | |a Sociedad Civil - |z Jalisco - |x Condiciones Jurídicas - |x Tema Principal | ||
| 650 | |a Sociedad Civil - |z México - |x Condiciones Jurídicas | ||
| 650 | |a Participación Social - |z Jalisco | ||
| 650 | |a Participación Social - |z México | ||
| 650 | |a Participación Política - |z Jalisco | ||
| 650 | |a Participación Política - |z México | ||
| 650 | |a Derecho Social - |z Jalisco | ||
| 650 | |a Derecho Social - |z México | ||
| 650 | |a Derecho Civil - |z Jalisco | ||
| 650 | |a Derecho Civil - |z México | ||
| 700 | |a Douard, Réjane |e (colaboración) | ||
| 700 | |a González, Marcela |e (colaboración) | ||
| 700 | |a Uriza, Ixánar |e (colaboración) | ||
| 910 | |a Fondo General | ||
| 920 | |a Impresos - Libros | ||
| 930 | |a Colección General | ||
| 905 | |a 101 | ||
| 901 | |a 0500274801 |b IT1 |c ACC |i D77096 |u 20250521 | ||
| 902 | |a https://opac.biblio.iteso.mx/vufind/Record/000380242 | ||